[Event "It (cat.4)"]
[Site "Subotica (Serbia)"]
[Round "7"]
[White "Ardeleanu Alin (ROM)"]
[Black "Djokic Nenad (SRB)"]
[Result "0-1"]
[WhiteElo "2357"]
[BlackElo "2373"]

1.c4 c5 2.Nc3 Nc6 3.Nf3 g6 4.d4 cxd4 5.Nxd4 Bg7 6.e3 Nf6 7.Be2 O-O 8.O-O d6
9.b3 Bd7 10.Bb2 Qa5 11.a3 Rfc8 12.b4 Qd8 13.Qb3 a6 14.Rfd1 Rab8 15.Rac1 Qf8
16.Nd5 Nxd5 17.cxd5 Nxd4 18.Bxd4 Bxd4 19.exd4 Rxc1 20.Rxc1 Rc8 21.Rxc8 Qxc8
22.Qe3 Qc7 23.h3 Bc8 24.h4 Kg7 25.Kh2 Bf5 26.h5 Bb1 27.h6+ Kf8 28.g4 Qc2
29.Kg3 Ke8 30.f4 Kd8 31.Bf3 Ba2 32.g5 Bb1 33.Bg4 Qc4 34.Bf3 Bf5 35.Kf2 Bc8
36.Kg3 b6 37.Be4 Ke8 38.Kf2 Kf8 39.Kg3 Bb7 40.f5 Bxd5 41.f6 e6 42.Bxd5 Qxd5
43.Qc1 Qb7 {#R} 0-1

[Event "Memorial C.Torre (open)"]
[Site "Merida (Mexico)"]
[Date "2011.12.18"]
[Round "4"]
[White "Alvarez Pedraza Aramis (CUB)"]
[Black "Tapie Amione Pablo Adib (MEX)"]
[Result "1-0"]
[WhiteElo "2565"]
[BlackElo "1939"]

1.c4 c5 2.Nc3 Nc6 3.Nf3 e5 4.e3 Nf6 5.d4 cxd4 6.exd4 e4 7.Ne5 Bb4 8.Be2 Qa5
9.Nxc6 Bxc3+ 10.bxc3 bxc6 11.Qb3 O-O 12.Qa3 Qxa3 13.Bxa3 Re8 14.Bd6 Ba6 15.Rb1
e3 16.f3 Re6 17.c5 Bxe2 18.Kxe2 Nd5 19.Rb3 Rae8 20.g3 g5 21.c4 Nf6 22.g4 h5
23.h3 Kh7 24.Rhb1 Kg6 25.Rb8 hxg4 26.hxg4 Rxb8 27.Rxb8 Ne8 28.d5 {#r} 1-0

[Event "Memorial Kopylov (open)"]
[Site "Ufa (Russia)"]
[Date "2011.12.22"]
[Round "6"]
[White "Imashev Ildar (RUS)"]
[Black "Ardashirov Akhtjam (RUS)"]
[Result "1-0"]
[WhiteElo "2266"]
[BlackElo "1989"]

1.c4 c5 2.Nc3 Nc6 3.Nf3 g6 4.e3 Bg7 5.d4 b6 6.Be2 e6 7.Nb5 cxd4 8.exd4 Nf6
9.Bf4 O-O 10.Bc7 Qe8 11.Bd6 Qd8 12.d5 Na5 13.Bxf8 Qxf8 14.O-O exd5 15.cxd5 Bb7
16.d6 Ne4 17.Rc1 Nc6 18.Bc4 Bxb2 19.Rc2 Bf6 20.Re1 Nc5 21.Nc7 Rd8 22.Rce2 Qh6
23.Nd5 Bg5 24.Re8+ Rxe8 25.Rxe8+ Kg7 26.Qa1+ f6 27.Nxf6 Bxf6 28.Rg8# 1-0

[Event "Ch Baden (juniors) (under 20)"]
[Site "Karlsruhe (Germany)"]
[Date "2012.01.05"]
[Round "7"]
[White "Stiefel Ricardo"]
[Black "Haag Gregor"]
[Result "0-1"]
[WhiteElo "1398"]
[BlackElo "2148"]

1.c4 c5 2.Nc3 Nc6 3.d3 g6 4.g3 b6 5.Bg2 Bb7 6.b3 Bg7 7.Bb2 Nf6 8.Nd5 e6
9.Nxf6+ Bxf6 10.Rb1 O-O 11.Bxf6 Qxf6 12.Nf3 d5 13.cxd5 exd5 14.Nd2 Rad8 15.O-O
Rfe8 16.e4 Nb4 17.exd5 Bxd5 18.Bxd5 Rxd5 19.Qg4 Nxd3 20.Nc4 Rd4 21.Qh3 Re2
22.Qg2 Rxa2 23.Ne3 Ne5 24.Rbe1 {#R} 0-1

[Event "Tournament (team) "]
[Site "Las Palmas (Spain)"]
[Date "2012.02.04"]
[Round "8"]
[White "Gonzalez Acosta Francisco"]
[Black "Montesdeoca Arteta Jose Andres"]
[Result "0-1"]
[WhiteElo "2048"]
[BlackElo "1487"]

1.c4 c5 2.Nc3 Nc6 3.Nf3 g6 4.e3 Bg7 5.d4 b6 6.d5 Ne5 7.Be2 d6 8.O-O Nxf3+
9.Bxf3 Nf6 10.Qc2 O-O 11.a3 Bd7 12.b4 Bf5 13.Qb3 Ne4 14.Bb2 Nd2 15.Qd1 Nxf1
16.Qxf1 cxb4 17.axb4 Qc7 18.e4 Bd7 19.Rc1 Rfc8 20.Be2 e6 21.Ba3 a6 22.c5 bxc5
23.bxc5 Qa5 24.Nb1 dxc5 25.Qd1 Rab8 26.h3 Rxb1 27.Rxb1 Qxa3 28.Rb7 Be8 29.d6
Bc6 30.Rc7 Rxc7 31.dxc7 Bb7 32.Qd8+ Bf8 33.c8=Q Bxc8 34.Qxc8 Qc1+ 35.Kh2 Qf4+
36.Kg1 Qxe4 37.Qxa6 Qb1+ 38.Kh2 Qb8+ 39.Kg1 Qd6 40.Qc4 Bg7 41.Bf3 Bd4 42.Qe2
Qe5 43.Qd2 Kg7 44.Bc6 Qf5 45.Bf3 Qb1+ 46.Kh2 Qf1 47.Kg3 Be5+ {#R} 0-1

[Event "It (open)"]
[Site "Moscow (Russia)"]
[Date "2012.02.05"]
[Round "9"]
[White "Andreikin Dmitry (RUS)"]
[Black "Mozharov Mikhail (RUS)"]
[Result "1-0"]
[WhiteElo "2723"]
[BlackElo "2518"]

1.c4 c5 2.Nc3 Nc6 3.Nf3 g6 4.e3 Bg7 5.d4 d6 6.d5 Ne5 7.Nxe5 Bxe5 8.Bd3 Bg7
9.O-O Nf6 10.e4 O-O 11.f4 e6 12.f5 Nd7 13.dxe6 fxe6 14.fxg6 hxg6 15.Rxf8+ Qxf8
16.Be3 Ne5 17.Qd2 Bd7 18.Rf1 Qe7 19.Bg5 Qe8 20.h4 Bc6 21.Be2 Qd7 22.Nd5 exd5
23.exd5 Ba4 24.b3 b5 25.bxa4 bxc4 26.Qc2 Rf8 27.Rxf8+ Kxf8 28.Bxc4 Qg4 29.Be2
Qd4+ 30.Kf1 Qxd5 31.Qb3 Qf7+ 32.Ke1 Bf6 33.Qb8+ Kg7 34.Qxd6 Bxg5 35.hxg5 Qf5
36.Qc7+ Nf7 37.Qxa7 Qxg5 38.Qd7 Qxg2 39.a5 Qg3+ 40.Kd2 Qf4+ 41.Kc2 Qf2 42.Qe7
Qd4 43.a6 Qa4+ 44.Kc1 Qf4+ 45.Kd1 Qd4+ 46.Ke1 Qg1+ 47.Bf1 Qg3+ 48.Ke2 Qg4+
49.Kf2 Qf4+ 50.Kg2 Qg4+ 51.Kh1 Qh5+ 52.Kg1 Qg4+ 53.Bg2 Qd1+ 54.Kh2 Qa4 55.a7
Qf4+ 56.Kg1 Qc1+ 57.Kf2 Qf4+ 58.Bf3 Qh2+ 59.Kf1 Qh3+ 60.Bg2 Qd3+ 61.Kg1 Qd4+
62.Kh1 Qd1+ 63.Kh2 Qh5+ 64.Kg3 {#r} 1-0

[Event "Ch Vietnam (w)"]
[Site "Can Tho (Vietnam)"]
[Date "2012.03.19"]
[Round "1"]
[White "Nguyen Truong Bao Tran (VIE)"]
[Black "Pham Bich Ngoc (VIE)"]
[Result "0-1"]
[WhiteElo "1881"]
[BlackElo "2181"]

1.c4 c5 2.Nc3 Nc6 3.Nf3 g6 4.e3 Bg7 5.d4 d6 6.h3 b6 7.Be2 f5 8.dxc5 Bxc3+
9.bxc3 dxc5 10.Qxd8+ Nxd8 11.Ne5 Bb7 12.O-O Nf6 13.a4 Nf7 14.Bf3 Bxf3 15.Nxf3
Nd6 16.a5 Nxc4 17.axb6 Nxb6 18.Ne5 Nfd7 19.Nxd7 Kxd7 20.Re1 e5 21.e4 f4 22.Ra5
Rhc8 23.Rd1+ Ke6 24.Ba3 Nd7 25.Rd5 Rc6 26.f3 c4 27.h4 a6 28.Kh2 Rg8 29.Bb4 g5
30.Bc5 gxh4 31.Bf2 Ke7 32.Bxh4+ Ke8 33.Kg1 Rb6 34.Ra1 Rgg6 35.Rad1 Rb7 36.Rd6
Rxd6 37.Rxd6 Rb6 38.Rd5 Rb1+ 39.Kh2 Rb5 40.Rd6 Rb6 41.Rd5 Rb3 42.Ra5 Rxc3
43.Rxa6 Nc5 44.Rc6 Nd3 45.Rc7 Rc1 46.Be7 c3 47.g3 fxg3+ 48.Kg2 c2 49.Ba3 Ra1
50.Kxg3 Rxa3 51.Rxc2 Ne1 52.Rf2 Kf7 53.Kg4 Nd3 54.Rh2 Kg6 55.Rd2 Rb3 56.Rg2
Rb6 57.Rd2 h5+ 58.Kg3 Nf4 59.Ra2 Kg5 60.Rh2 Rh6 {#R} 0-1

[Event "Tournament (universities) (under 27)"]
[Site "Bucaramanga (Colombia)"]
[Date "2012.03.31"]
[Round "5"]
[White "Salcedo Diana (COL)"]
[Black "Barros Raul Junior (COL)"]
[Result "0-1"]
[WhiteElo "2009"]
[BlackElo "2180"]

1.c4 c5 2.Nc3 Nc6 3.Nf3 g6 4.e3 Bg7 5.d4 cxd4 6.exd4 d6 7.Be2 Bg4 8.Be3 Nh6
9.h3 Bxf3 10.Bxf3 Nf5 11.Bxc6+ bxc6 12.Qf3 Rc8 13.Rd1 Qb6 14.Rd2 Bxd4 15.Na4
Qa5 16.Bxd4 Nxd4 17.Qe4 Ne6 18.Nc3 Qg5 19.h4 Qf4 20.g3 Qf6 21.Qe3 O-O 22.O-O
Rc7 23.Re1 Qf5 24.Kg2 Rd8 25.Red1 Rcd7 26.Ne2 d5 27.Nd4 Nxd4 28.Qxd4 e5 29.Qc5
dxc4 30.Rxd7 Rxd7 31.Re1 Rd2 32.Qxa7 Rxb2 33.Rf1 Qe4+ 34.Kg1 c3 {#R} 0-1

[Event "It (open)"]
[Site "Barquisimeto (Venezuela)"]
[Date "2012.05.26"]
[Round "5"]
[White "Otero Harlen"]
[Black "Zavarce Oscar Enrique"]
[Result "0-1"]
[WhiteElo "2064"]
[BlackElo "2192"]

1.c4 c5 2.Nc3 Nc6 3.Nf3 g6 4.d4 cxd4 5.Nxd4 Bg7 6.e3 Nf6 7.Be2 O-O 8.O-O a6
9.Nb3 d6 10.e4 b6 11.Bg5 h6 12.Bh4 Bb7 13.f4 Nd7 14.Qd2 Nc5 15.Nxc5 bxc5
16.Rae1 Qa5 17.Bd3 Rab8 18.e5 dxe5 19.f5 g5 20.Bxg5 hxg5 21.f6 exf6 22.Qe2 Ne7
23.Qh5 Ng6 24.Re3 Rfe8 25.Bxg6 fxg6 26.Qxg6 Qd8 27.Rh3 Qd4+ 28.Kh1 Qg4 29.Nd5
Bxd5 30.cxd5 Re7 31.d6 Rf7 32.b3 Rd8 33.Qd3 Qd4 34.Qh7+ Kf8 35.Rd3 Qh4 36.Qg6
e4 37.Rd5 Kg8 38.Qf5 Bf8 39.g3 Qh7 40.Qe6 Qg6 41.g4 Kg7 42.Rff5 Rfd7 43.Qxe4
Rxd6 44.Rxd6 Rxd6 45.Qf3 Qe8 46.Qb7+ Qe7 47.Qf3 Qe1+ {#R} 0-1

[Event "Ch Baden (open)"]
[Site "Emmendingen (Germany)"]
[Date "2012.06.05"]
[Round "1"]
[White "Schneider Bernd (GER)"]
[Black "Gorse Gerard (FRA)"]
[Result "1-0"]
[WhiteElo "2226"]
[BlackElo "2089"]

1.c4 c5 2.Nc3 Nc6 3.Nf3 g6 4.e3 Bg7 5.d4 e6 6.d5 Bxc3+ 7.bxc3 Nce7 8.e4 d6
9.Be2 e5 10.Qc2 f5 11.Nd2 Nf6 12.exf5 Bxf5 13.Bd3 Qd7 14.Rb1 O-O-O 15.f3 h5
16.O-O h4 17.Ne4 Bxe4 18.fxe4 Nh5 19.Bg5 Rdf8 20.Bxh4 Nf4 21.Bg5 Rh5 22.h4
Rfh8 23.Bxf4 exf4 24.Rxf4 g5 25.hxg5 Ng6 26.Rf5 Qh7 27.Kf2 Rh2 28.Rg1 Qh4+
29.Kf1 Nf4 30.Qd1 Rh1 31.Qf3 Rxg1+ 32.Kxg1 Qh1+ 33.Kf2 Qh4+ 34.Ke3 Ng6 35.Qf2
Qh1 36.Bf1 Qh2 37.Rf6 Ne5 38.Kd2 Kc7 39.Kc2 Rh4 40.Rf8 Rg4 41.Qf6 {#r} 1-0

[Event "Cup Mayors (open)"]
[Site "Mumbai (India)"]
[Date "2012.06.08"]
[Round "2"]
[White "Tamhankar Viraj (IND)"]
[Black "Debashish Das (IND)"]
[Result "0-1"]
[WhiteElo "1986"]
[BlackElo "2464"]

1.c4 c5 2.Nc3 Nc6 3.Nf3 g6 4.d4 cxd4 5.Nxd4 Bg7 6.e3 Nf6 7.Be2 O-O 8.O-O Nxd4
9.exd4 d5 10.Bg5 Be6 11.cxd5 Nxd5 12.Bf3 Re8 13.Re1 h6 14.Bh4 Rc8 15.Rc1 g5
16.Bg3 Rc4 17.Be5 Nxc3 18.bxc3 Qa5 19.Bxg7 Kxg7 20.Qd3 Rec8 21.d5 Rxc3 22.Rxc3
Rxc3 23.Qe4 Rxf3 24.gxf3 Qxd5 25.a3 Qxe4 26.fxe4 Kf6 27.Rb1 Bc8 28.Rc1 Bd7
29.f3 Bc6 30.Kf2 Ke5 31.Ke3 e6 32.Rd1 h5 33.Rg1 f6 34.h4 gxh4 35.Rh1 b5
36.Rxh4 Be8 37.Rh1 a5 38.Rd1 f5 39.f4+ Kf6 40.e5+ Ke7 41.Ra1 Bc6 42.Kd4 h4
43.Kc5 Bg2 44.Kxb5 h3 45.Kxa5 h2 46.Kb6 Kd7 47.Rd1+ Bd5 48.a4 h1=Q 49.Rxh1
Bxh1 50.a5 Kc8 51.Ka7 Be4 52.a6 Bd5 53.Kb6 Kb8 54.a7+ Ka8 55.Ka6 Bc4+ 56.Kb6
Bd3 57.Kc7 Kxa7 58.Kd6 Bc4 {#R} 0-1

[Event "It (open)"]
[Site "Montevideo (Uruguay)"]
[Date "2012.06.19"]
[Round "7"]
[White "Carvalho Guillermo (URU)"]
[Black "Arias Jorge (URU)"]
[Result "1-0"]
[WhiteElo "2242"]
[BlackElo "2138"]

1.c4 c5 2.Nc3 Nc6 3.Nf3 g6 4.e3 Bg7 5.d4 d6 6.d5 Nb8 7.Qc2 Nf6 8.Bd3 O-O 9.O-O
e6 10.e4 exd5 11.cxd5 a6 12.a4 Nbd7 13.h3 Qc7 14.Re1 Rb8 15.a5 Re8 16.Bf1 b5
17.axb6 Rxb6 18.Nd2 Rb8 19.Ra3 Nb6 20.Nf3 c4 21.Na4 Nfd7 22.Nxb6 Nxb6 23.Be3
f5 24.exf5 Bxf5 25.Qd2 Be4 26.Ng5 Bf5 27.Ne6 Bxe6 28.dxe6 Nc8 29.Bd4 Be5
30.Bxe5 dxe5 31.Rxa6 Nb6 32.Qc3 Qc8 33.Ra5 Rxe6 34.Raxe5 Rxe5 35.Rxe5 Qc7
36.Qe3 Kf8 37.Rc5 Qg7 38.Qf4+ {#r} 1-0

[Event "Ch Venezuela (expertos & maestros)"]
[Site "San Carlos (Venezuela)"]
[Date "2012.06.22"]
[Round "6"]
[White "Zavarce Oscar"]
[Black "Acosta Lorner"]
[Result "1-0"]
[WhiteElo "2192"]
[BlackElo "2146"]

1.c4 c5 2.Nc3 Nc6 3.Nf3 e5 4.e3 f5 5.d4 e4 6.Nd2 Nf6 7.d5 Ne5 8.f3 exf3 9.Nxf3
Bd6 10.Bd3 g6 11.O-O O-O 12.e4 Nxf3+ 13.Rxf3 Ng4 14.g3 Ne5 15.Rf1 Nxd3 16.Qxd3
fxe4 17.Nxe4 Rxf1+ 18.Kxf1 Qf8+ 19.Kg2 b5 20.Bg5 Be5 21.Rf1 Qg7 22.Bf6 Bxf6
23.Nxf6+ Kh8 24.Ne8 Qe7 25.Qc3+ Kg8 26.Nf6+ Kf7 27.Ne4+ Kg8 28.Nf6+ Kf7
29.Nxh7+ Kg8 30.Rf8+ {#r} 1-0

[Event "Tournament "]
[Site "Rio de Janeiro (Brazil)"]
[Date "2012.06.24"]
[Round "6"]
[White "Paiva Marcio Silveira"]
[Black "Reis Virginia Lagrange M"]
[Result "0-1"]
[WhiteElo "2010"]
[BlackElo "1849"]

1.c4 c5 2.Nc3 Nc6 3.e3 g6 4.d4 cxd4 5.exd4 d6 6.Be3 Bg7 7.Nge2 Nh6 8.Qd2 Nf5
9.O-O-O Nxe3 10.fxe3 O-O 11.g3 a6 12.Bg2 Rb8 13.Kb1 Bg4 14.h3 Bd7 15.Rc1 Na7
16.Rhd1 Bc6 17.e4 b5 18.cxb5 Nxb5 19.Nxb5 Bxb5 20.Nc3 e6 21.Nxb5 Rxb5 22.Bf1
Rb6 23.Rc3 Qa8 24.Bg2 Rfb8 25.Rc2 Qb7 26.Qc3 a5 27.e5 d5 28.Rdd2 Bf8 29.Rf2
{#R} 0-1

[Event "It (open)"]
[Site "Mahalla (Egypt)"]
[Date "2012.07.16"]
[Round "8"]
[White "Amin Ashraf (EGY)"]
[Black "Sobh Amrou (EGY)"]
[Result "1-0"]
[WhiteElo "2283"]
[BlackElo "2177"]

1.c4 c5 2.Nc3 Nc6 3.Nf3 e5 4.e3 Nf6 5.d4 exd4 6.exd4 cxd4 7.Nxd4 Bc5 8.Nb3 Be7
9.Be2 O-O 10.Bf4 d6 11.Qd2 Be6 12.Rd1 Na5 13.Nxa5 Qxa5 14.O-O Qb6 15.b3 Rfd8
16.Bf3 a6 17.Na4 Qc7 18.c5 Ne8 19.Qb4 Rab8 20.Rc1 Qd7 21.Rfd1 Qb5 22.Qxb5 axb5
23.Nc3 Rbc8 24.Nxb5 d5 25.Be3 Nc7 26.Na7 Rb8 27.Bf4 Rd7 28.Nb5 Bd8 29.Nxc7
Bxc7 30.Bxc7 Rxc7 31.Bxd5 Rbc8 32.Bf3 Kf8 33.h3 Ke7 34.Rd4 Ra8 35.Rb4 Rxa2
36.Bxb7 Ra5 37.c6 Ra2 38.Rb6 Rb2 39.b4 Kd6 40.Rd1+ Ke7 41.b5 Bb3 42.Rd4 Be6
43.Ba6 Kf6 44.Rb7 Rc8 45.Ra7 Re8 46.c7 Re7 47.Rd6 Rc2 48.b6 Ke5 49.Rxe6+ Kxe6
{#r} 1-0

[Event "Cup Nana Aleksandria"]
[Site "Poti (Georgia)"]
[Date "2012.07.20"]
[Round "9"]
[White "Kalagashvili Pridon (GEO)"]
[Black "Oleksienko Mikhailo (UKR)"]
[Result "0-1"]
[WhiteElo "2170"]
[BlackElo "2573"]

1.c4 c5 2.Nc3 Nc6 3.Nf3 e5 4.e3 Nf6 5.d4 cxd4 6.exd4 e4 7.Ng5 Bb4 8.d5 Ne5
9.Qc2 Qe7 10.Be3 Nfg4 11.Nxe4 Nxe3 12.fxe3 Ng4 13.Bd3 f5 14.Ng3 Nxe3 15.Qe2
O-O 16.Kd2 Re8 17.Nf1 Nxd5 18.Qxe7 Bxc3+ 19.bxc3 Nxe7 20.Re1 d6 21.Ne3 Bd7
22.g3 Rac8 23.h4 Rc5 24.Nc2 Ra5 25.a3 Nc6 26.Rxe8+ Bxe8 27.Rb1 b6 28.Rb5 g6
29.Rd5 Rxd5 30.cxd5 Ne5 31.Be2 Kf7 32.Nd4 Kf6 33.Kc2 Ba4+ 34.Kd2 Nd7 35.Nc6 a5
36.Ke3 h6 37.Kd4 Nc5 38.g4 f4 39.Bf3 g5 40.h5 Bc2 41.c4 Nd7 42.Kc3 Bb1 43.Nd4
Ne5 44.Be2 Be4 45.Nb5 Ke7 46.Kd4 Bg2 47.Nc3 f3 {#R} 0-1

[Event "Memorial Sukharev (seniors) (open)"]
[Site "Novosibirsk (Russia)"]
[Date "2012.07.22"]
[Round "5"]
[White "Yakushev Nikolai (RUS)"]
[Black "Litvinov Yuriy (RUS)"]
[Result "0-1"]
[WhiteElo "2146"]
[BlackElo "2307"]

1.c4 c5 2.Nc3 Nc6 3.Nf3 e5 4.d3 h6 5.g3 Nf6 6.Bg2 d6 7.O-O Be7 8.h3 Be6 9.b3
Qd7 10.Kh2 g5 11.Nd2 O-O-O 12.Nd5 h5 13.Nxf6 Bxf6 14.Ne4 Qe7 15.Bd2 g4 16.h4
Bxh4 17.gxh4 Qxh4+ 18.Kg1 f6 19.b4 cxb4 20.a3 b3 21.Qxb3 Nd4 22.Qd1 Rdg8
23.Rb1 f5 24.Ng5 Rxg5 25.Bxb7+ Kd7 26.Bxg5 Qxg5 27.Kg2 f4 28.Rg1 f3+ 29.exf3
gxf3+ 30.Kf1 Bh3+ 31.Ke1 Qxg1+ 32.Kd2 Qxf2+ 33.Kc3 Ne2+ 34.Kd2 Nf4+ {#R} 0-1

[Event "It (open)"]
[Site "Pardubice (Czech Republic)"]
[Date "2012.07.23"]
[Round "4"]
[White "Stefansson Hannes (ISL)"]
[Black "Goryachkina Aleksandra (RUS)"]
[Result "1-0"]
[WhiteElo "2512"]
[BlackElo "2397"]

1.c4 c5 2.Nc3 Nc6 3.Nf3 e5 4.g3 d6 5.Bg2 g6 6.a3 Bg7 7.O-O Nge7 8.b4 e4 9.Ne1
f5 10.Bb2 Be6 11.d3 O-O 12.dxe4 fxe4 13.Bxe4 Bxc4 14.Nd3 d5 15.Bg2 cxb4
16.axb4 Bxd3 17.exd3 Nxb4 18.Qb3 a5 19.Ba3 Rc8 20.Rac1 Kh8 21.Bxb4 axb4
22.Qxb4 Rc7 23.Nb5 Rxc1 24.Rxc1 Qb6 25.Qxe7 Qxb5 26.Rc7 Qb2 27.Bf3 b5 28.Kg2
b4 29.Rb7 b3 30.Qe1 Qe5 31.Qxe5 Bxe5 32.Rxb3 d4 33.Rb5 Bf6 34.Rb7 Rd8 35.Be4
Re8 36.h4 Re7 37.Rb6 Kg7 38.Kh3 Rc7 39.f3 Rd7 40.g4 Bd8 41.Ra6 Rc7 42.Rd6 Bf6
43.f4 Rf7 44.Kg3 Be7 45.Rxd4 Bc5 46.Rd5 Be3 47.f5 g5 48.Kf3 Bd2 49.h5 Bc3
50.d4 h6 51.Bd3 Bb4 52.Rb5 Bc3 53.Bc4 Ra7 54.Rb6 Bxd4 55.Rg6+ Kh7 56.Bg8+ Kh8
57.Be6 Re7 58.Rxh6+ Rh7 59.Rg6 Rg7 60.h6 Ra7 61.Rxg5 Kh7 62.Rh5 {#r} 1-0

[Event "Tournament (open) "]
[Site "Ulan Ude (Russia)"]
[Date "2012.07.28"]
[Round "7"]
[White "Khatnikov Alexander"]
[Black "Dambaev Bilikto"]
[Result "1-0"]
[WhiteElo "2035"]
[BlackElo "1783"]

1.c4 c5 2.Nc3 Nc6 3.Nf3 g6 4.e3 e5 5.d4 cxd4 6.exd4 exd4 7.Nxd4 Qe7+ 8.Be2 Bg7
9.Ndb5 Bxc3+ 10.bxc3 Qe5 11.f4 Qf6 12.Nc7+ Kd8 13.Nxa8 b6 14.O-O Bb7 15.Nxb6
axb6 16.Be3 Nge7 17.Bg4 Nf5 18.Bxb6+ Ke8 19.Bxf5 gxf5 20.Re1+ Kf8 21.Bc5+ Kg7
22.Bd4 Nxd4 23.Qxd4 Rc8 24.Qxd7 Qb6+ 25.Kh1 Qb2 26.Qd4+ Kg6 27.Rg1 Kh5 28.Qd1+
Kh6 29.Rb1 {#r} 1-0

[Event "It (open)"]
[Site "Biel (Switzerland)"]
[Date "2012.07.30"]
[Round "7"]
[White "Le Roux Jean-Pierre (FRA)"]
[Black "Donchenko Alexander (GER)"]
[Result "1-0"]
[WhiteElo "2569"]
[BlackElo "2401"]

1.c4 c5 2.Nc3 Nc6 3.Nf3 g6 4.e3 Nf6 5.d4 cxd4 6.exd4 d5 7.cxd5 Nxd5 8.Bc4 Nxc3
9.bxc3 Bg7 10.O-O O-O 11.Re1 b6 12.Ng5 Bb7 13.Qf3 Bf6 14.Qh3 Bxg5 15.Bxg5 Qc8
16.Qh4 Na5 17.Bf1 Nc6 18.d5 {#r} 1-0

[Event "Tournament (open) "]
[Site "Ulan Ude (Russia)"]
[Date "2012.07.30"]
[Round "9"]
[White "Khatnikov Alexander"]
[Black "Zubricheva Daria"]
[Result "1-0"]
[WhiteElo "2035"]
[BlackElo "1845"]

1.c4 c5 2.Nc3 Nc6 3.Nf3 e5 4.e3 g6 5.d4 cxd4 6.exd4 exd4 7.Nxd4 Bg7 8.Ndb5 a6
9.Nd6+ Kf8 10.Be2 Qe7 11.O-O Be5 12.c5 Qh4 13.g3 Qd4 14.Be3 Qxd1 15.Raxd1 Bxd6
16.Rxd6 Kg7 17.Nd5 Nge7 18.Nxe7 Nxe7 19.Bd4+ Kg8 20.Bxh8 Kxh8 21.Bc4 Kg7 22.g4
Nc6 23.f4 b5 24.cxb6 Rb8 25.f5 Ne5 26.f6+ Kf8 27.Be2 Bb7 28.Rfd1 Bc6 29.b3
Rxb6 30.R1d5 Bxd5 31.Rxb6 Nc6 32.Rxa6 Ke8 33.Kf2 Kd8 34.Bf3 Bxf3 35.Kxf3 Kc7
36.Ra8 d5 37.Ke3 Kd6 38.Ra6 Ke5 39.Rxc6 {#r} 1-0

[Event "Tournament (open)"]
[Site "Novokuznetsk (Russia)"]
[Date "2012.08.03"]
[Round "2"]
[White "Nigametzianov Mikhail (RUS)"]
[Black "Ushacov Vladimir (RUS)"]
[Result "1-0"]
[WhiteElo "2403"]
[BlackElo "2113"]

1.c4 c5 2.Nc3 Nc6 3.e3 Nf6 4.Nf3 e6 5.Be2 Be7 6.O-O O-O 7.d4 cxd4 8.Nxd4 d6
9.b3 a6 10.Bb2 Bd7 11.Rc1 Nxd4 12.Qxd4 Bc6 13.b4 b6 14.Rfd1 Qb8 15.a4 Ra7
16.b5 Ba8 17.e4 a5 18.Ba3 Rd8 19.f3 Rc7 20.Qe3 Ne8 21.Nb1 Rcd7 22.Nd2 Bf6
23.Nb3 g6 24.Rc2 Qc7 25.Rcd2 Bg7 26.Qd3 Bh6 27.Rc2 Bg7 28.Bc1 h6 29.Be3 Qb8
30.Rcc1 Nf6 31.Bf2 Qc7 32.Qe3 Rb8 33.Rd2 Kh7 34.Rcd1 Rb7 35.Bg3 e5 36.Bf2 Qb8
37.Bf1 Qc7 38.g3 Qd8 39.Bh3 Bf8 40.Bxd7 Nxd7 41.Qc3 Qe7 42.Rxd6 Qxd6 43.Rxd6
Bxd6 44.c5 Nxc5 45.Nxc5 Rc7 46.Qd2 Bxc5 47.Bxc5 Rxc5 48.Qd8 {#r} 1-0

[Event "It (open) "]
[Site "Medellin (Colombia)"]
[Date "2012.08.06"]
[Round "7"]
[White "Ramirez Benjamin Dario"]
[Black "Panesso Henry (COL)"]
[Result "0-1"]
[WhiteElo "2201"]
[BlackElo "2335"]

1.c4 c5 2.Nc3 Nc6 3.Nf3 e5 4.e3 f5 5.d4 e4 6.Ng1 Nf6 7.Nh3 d6 8.Nf4 Be7 9.Be2
O-O 10.O-O g5 11.Nfd5 Nxd5 12.cxd5 Nb8 13.dxc5 dxc5 14.Bc4 Bd6 15.b3 a6 16.a4
Qf6 17.Bb2 Qh6 18.g3 Nd7 19.f4 exf3 20.Qxf3 Ne5 21.Qe2 Bd7 22.Qg2 Rae8 23.Rae1
g4 24.Kh1 Nf3 25.Rxf3 gxf3 26.Qxf3 Qg5 27.Re2 Re7 28.Nd1 Be8 29.Re1 Bh5 30.Qf1
f4 31.gxf4 Rxf4 32.exf4 Bf3+ 33.Qxf3 Rxe1+ 34.Bf1 Qxf4 35.Qg2+ Kf8 36.Ne3 Qxe3
37.Qg7+ Ke8 38.Qg8+ Kd7 39.Qxh7+ Kc8 40.Qf5+ Kb8 41.Qf6 Ka7 42.Kg2 Rd1 43.Bc3
Rc1 {#R} 0-1

[Event "It (open)"]
[Site "Vienna (Austria)"]
[Date "2012.08.13"]
[Round "1"]
[White "Hetzer Volkhard (GER)"]
[Black "Szajbely Zsigmond (HUN)"]
[Result "1-0"]
[WhiteElo "2004"]
[BlackElo "2230"]

1.c4 c5 2.Nc3 Nc6 3.Nf3 g6 4.e3 Bg7 5.d4 b6 6.d5 Nb4 7.a3 Na6 8.e4 d6 9.Bf4
Nf6 10.h3 O-O 11.Be2 Nc7 12.O-O a6 13.e5 Nfe8 14.Qd2 Bd7 15.Rac1 b5 16.b3 b4
17.axb4 cxb4 18.Ne4 dxe5 19.Nxe5 a5 20.Nc5 Bxe5 21.Bxe5 f6 22.Bg3 Bf5 23.Rcd1
Nd6 24.Bd3 Qc8 25.Bxf5 Qxf5 26.Rfe1 Rfe8 27.Qd4 Rad8 28.Qf4 Qh5 29.Qg4 Qxg4
30.hxg4 Kf7 31.Ra1 Ra8 32.Re2 Ra7 33.Rae1 g5 34.Ra1 Rea8 35.Rea2 Nce8 36.f3
Nc7 37.Be1 Nc8 38.Bf2 Ne8 39.Nd3 Rd7 40.Rxa5 Rb8 41.Ra8 Rdb7 42.Nc5 Rxa8
43.Rxa8 Nb6 44.Rxe8 Ra7 {#r} 1-0

[Event "It (open)"]
[Site "Stare Mesto (Czech Republic)"]
[Date "2012.08.17"]
[Round "9"]
[White "Krizek Frantisek (CZE)"]
[Black "Cajka Tibor (SVK)"]
[Result "0-1"]
[WhiteElo "2000"]
[BlackElo "2170"]

1.c4 c5 2.Nc3 Nc6 3.Nf3 e5 4.d3 d6 5.e3 g6 6.Be2 Bg7 7.O-O Nge7 8.Ne1 O-O 9.f4
exf4 10.Rxf4 Nf5 11.Rf1 Re8 12.Nd5 Be6 13.Bf3 Nce7 14.Nc2 Nxd5 15.cxd5 Bd7
16.Bg4 h5 17.Bxf5 Bxf5 18.h3 c4 19.e4 Bd7 20.Qf3 cxd3 21.Qxd3 Qb6+ 22.Be3 Qb5
23.Qd2 Rxe4 24.Rfe1 Rae8 25.Rab1 Bf5 26.Nd4 Qxd5 27.Nxf5 Qxf5 28.Bxa7 Bh6
29.Qc3 Bg7 30.Qd2 Rxe1+ 31.Rxe1 Rxe1+ 32.Qxe1 Bxb2 33.a4 Qf4 34.Qe8+ Kg7
35.Be3 Bd4 {#R} 0-1

[Event "Regionalliga SVM 2012/13"]
[Site "Germany"]
[Date "2012.09.30"]
[Round "2"]
[White "Wacker Hans"]
[Black "Klinkhammer Matthias (GER)"]
[Result "0-1"]
[WhiteElo "2113"]
[BlackElo "2063"]

1.c4 c5 2.Nc3 Nc6 3.Nf3 Nd4 4.e3 Nxf3+ 5.Qxf3 g6 6.d3 Bg7 7.Bd2 d6 8.h3 Rb8
9.Be2 Bd7 10.O-O Bc6 11.Qg3 e6 12.e4 Ne7 13.Rab1 O-O 14.f4 f5 15.Bf3 fxe4
16.dxe4 d5 17.Bg4 dxe4 18.Bxe6+ Kh8 19.Be3 Qd6 20.Bg4 h5 21.Rbd1 Qf6 22.Bxc5
hxg4 23.Bxa7 Nf5 24.Qxg4 Rbd8 25.Bb6 Rxd1 26.Nxd1 Ba4 27.Bc5 {#R} 0-1

[Event "It (open)"]
[Site "Bogota (Colombia)"]
[Round "5"]
[White "Becerra Andres Mauricio (COL)"]
[Black "Fleitas Yuleikis (CUB)"]
[Result "0-1"]
[WhiteElo "1874"]
[BlackElo "2153"]

1.c4 c5 2.Nc3 Nc6 3.Nf3 g6 4.b3 Bg7 5.Bb2 d6 6.h3 Nf6 7.e4 O-O 8.Bd3 Nh5 9.O-O
Nf4 10.Be2 e6 11.Re1 Nd4 12.Rb1 Nfxe2+ 13.Nxe2 Nxf3+ 14.gxf3 e5 15.Kg2 Qg5+
16.Ng3 h5 17.Bc1 f5 18.exf5 gxf5 19.h4 Qxh4 20.Rh1 Qg5 21.Rxh5 Qg6 22.Qc2 Kf7
23.Rxf5+ Bxf5 24.Qxf5+ Qxf5 25.Nxf5 Rad8 26.d3 Rg8 27.Kf1 Ke6 28.Ng3 d5
29.cxd5+ Rxd5 30.Ne4 b6 31.Be3 Rxd3 32.Ke2 Rdd8 33.Rg1 Bf6 34.Rh1 Rh8 35.Rg1
Rdg8 36.Rd1 Be7 37.a4 Rc8 38.Rc1 Rhd8 39.Nd2 Kf5 40.Ne4 a6 41.Rh1 Rh8 42.Rc1
Rh4 43.b4 Rxe4 44.fxe4+ Kxe4 45.f3+ Kd5 46.Rd1+ Kc6 47.Rc1 Rd8 48.a5 Rd5
49.axb6 Kxb6 50.Rb1 Kc6 51.bxc5 Bxc5 52.Rb2 a5 53.Bd2 a4 54.Bc3 Bd4 55.Kd3
Bxc3+ 56.Kxc3 Rb5 57.Re2 Kd5 58.Rd2+ Ke6 59.Kc4 {#R} 0-1